000 00269nam a2200121Ia 4500
008 190216s9999||||xx |||||||||||||| ||und||
100 _aPavan Kumar Pandey
245 0 _aHindi-Jeevan Sambath
260 _bShiva
_c2009
300 _a224
650 _aHindi
942 _cBK
999 _c16665
_d16665